Statistics for Denver Nuggets: Most Dunks Each Year

Click here to take the quiz!

General Stats

  • This quiz has been taken 30 times
    (18 since last reset)
  • The average score is 11 of 18

Answer Stats

Year Player Dunks % Correct
2012-2013JaVale McGee175
85%
2003-2004Carmelo Anthony121
77%
2011-2012Kenneth Faried83
77%
2017-2018Mason Plumlee103
62%
2002-2003NenĂª131
54%
2004-2005Kenyon Martin163
38%
2001-2002James Posey56
8%

Score Distribution

Percentile by Number Answered

Percent of People with Each Score

Your Score History

You have not taken this quiz since the last reset